[Event "St Petersburg-ch"]
[Site "St Petersburg"]
[Date "1996.??.??"]
[Round "7"]
[White "Orlov, Vassily"]
[Black "Yemelin, Vasily"]
[Result "1/2-1/2"]
[WhiteElo "2430"]
[BlackElo "2460"]

1.e4 c5 2.Nf3 e6 3.d4 cxd4 4.Nxd4 Nc6 5.Nc3 Qc7 6.Be3 a6 7.Bd3 Nf6 8.O-O Ne5
9.Bf4 d6 10.Bg3 b5 11.a3 Bb7 12.Qe2 Rc8 13.Kh1 Be7 14.f4 Nc4 15.b4 Nb2 16.Nd1 Nxd1
17.Raxd1 O-O 18.e5 dxe5 19.fxe5 Nd5 20.Qh5 g6 21.Qh6 Nc3 22.Rde1 Qd8 23.Nf3 Bxf3
24.Rxf3 Bg5 25.Qh3 Nd5 26.Bf2 Bd2 27.Rf1 Qg5 28.Qg3 Qxg3  1/2-1/2

[Event "RUS-Cup1 Chigorin mem"]
[Site "St Petersburg"]
[Date "1996.??.??"]
[Round "8"]
[White "Kuzmin, Gennadi P"]
[Black "Tunik, Gennady"]
[Result "1/2-1/2"]
[WhiteElo "2540"]
[BlackElo "2440"]

1.e4 c5 2.Nf3 e6 3.d4 cxd4 4.Nxd4 Nc6 5.Nc3 a6 6.g3 Qc7 7.Bg2 Nf6 8.O-O Bc5
9.Be3 Ne5 10.Bf4 d6 11.Nb3  1/2-1/2

[Event "Petrov mem"]
[Site "St Petersburg"]
[Date "1996.??.??"]
[Round "8"]
[White "Beshukov, Sergei"]
[Black "Alekseev, Vadim"]
[Result "1-0"]
[WhiteElo "2450"]
[BlackElo "2355"]

1.e4 c5 2.Nf3 e6 3.d4 cxd4 4.Nxd4 Nc6 5.Nc3 a6 6.Be2 Nge7 7.O-O Nxd4 8.Qxd4 Nc6
9.Qd3 Qc7 10.f4 Nb4 11.Qd1 Bc5+ 12.Kh1 b5 13.a4 bxa4 14.Nxa4 Ba7 15.Bd2 Nc6
16.Bc3 O-O 17.Bd3 f6 18.Qh5 Rf7 19.Rf3 Nd4 20.Rh3 g6 21.Qh6 Bb7 22.Rg3 Rg7
23.f5 Kf7 24.e5 Qxe5 25.fxg6+ hxg6 26.Bxg6+ Kf8 27.Bb4+  1-0

[Event "Petrov mem"]
[Site "St Petersburg"]
[Date "1996.??.??"]
[Round "9"]
[White "Orlov, Vassily"]
[Black "Kiik, Kalle"]
[Result "1-0"]
[WhiteElo "2405"]
[BlackElo "2385"]

1.e4 c5 2.Nf3 e6 3.d4 cxd4 4.Nxd4 Nc6 5.Nc3 d6 6.Be2 Nf6 7.O-O Be7 8.Be3 O-O
9.f4 e5 10.Nb3 exf4 11.Bxf4 Be6 12.Bf3 Ne5 13.Kh1 Nc4 14.Rb1 Rc8 15.Nd4 Qd7
16.Nd5 Bxd5 17.exd5 Rfe8 18.b3 Ne5 19.c4 Bd8 20.Rc1 Bb6 21.Rc3 Ba5 22.Re3 Nfg4
23.Bxg4 Nxg4 24.Ref3 Re4 25.Nb5 Rxf4 26.Rxf4 Ne3 27.Qd3 Nxf1 28.Rxf1 a6 29.Nd4 g6
30.Qg3 Re8 31.h3 Re5 32.Nf3 Rf5 33.Rb1 Bd8 34.b4 Bf6 35.Qf2 h5 36.Qe3 Qe7
37.Qd3 Be5 38.Re1 Qf6 39.c5 Kg7 40.c6 bxc6 41.dxc6 d5 42.Nxe5 Rxe5 43.Rc1 Qg5
44.Qf1 Re8 45.a4 d4 46.c7 Rc8 47.b5 axb5 48.axb5 d3 49.b6 Qd5 50.Rb1  1-0

[Event "Jacques Lemans op16"]
[Site "St Veit"]
[Date "1996.??.??"]
[Round "3"]
[White "Zvan, Ziga"]
[Black "Susnik, Matej"]
[Result "1/2-1/2"]
[WhiteElo "1946"]
[BlackElo "2235"]

1.e4 c5 2.Nf3 e6 3.d4 cxd4 4.Nxd4 Nc6 5.Nc3 Qc7 6.Be2 a6 7.Be3 Nf6 8.O-O d6
9.f4 Be7 10.Qe1 O-O 11.Qg3 Nxd4 12.Bxd4 b5 13.a3 Bb7 14.Bf3 Bc6 15.Rad1 Rad8
16.Kh1 Qb7 17.e5 dxe5 18.Bxc6 Qxc6 19.Bxe5 Rxd1 20.Rxd1 Rd8 21.Rxd8+ Bxd8
22.Qd3 Qd7 23.Qxd7 Nxd7 24.Bd4 f5 25.g3 g5 26.Kg2 Kf7 27.Na2 Bf6 28.Bxf6 Kxf6
29.Nb4 Nb8 30.Kf3 a5 31.Nd3 Nc6 32.Ke3 e5 33.fxe5+ Nxe5 34.Nf2 Ke6 35.b3 Kd5
36.c3 a4 37.bxa4 bxa4 38.Nd3 Nxd3 39.Kxd3 f4 40.gxf4 gxf4 41.h4 f3 42.Ke3 Kc4
43.Kxf3 Kxc3 44.Ke3 Kb3 45.Kd3 Kxa3 46.Kc3 h5 47.Kc2 Kb4 48.Kb2 Kc4 49.Ka3 Kd4
50.Kxa4 Ke4 51.Kb3 Kf4 52.Kc2 Kg4 53.Kd2 Kxh4 54.Ke2 Kg3 55.Kf1  1/2-1/2

[Event "Star Dorjan (Women)"]
[Site "Star Dorjan"]
[Date "1996.??.??"]
[Round "3"]
[White "Gocheva, Rumiana B"]
[Black "Koskoska, Gabriela"]
[Result "0-1"]
[WhiteElo "2210"]
[BlackElo "2160"]

1.e4 c5 2.Nf3 e6 3.d4 cxd4 4.Nxd4 Nc6 5.Nc3 Qc7 6.g3 a6 7.Bg2 Nf6 8.O-O d6
9.a4 Be7 10.Nb3 b6 11.Qe2 Bb7 12.g4 O-O 13.g5 Nd7 14.f4 Rfe8 15.Be3 Bf8 16.Rae1 g6
17.Rf3 Nb4 18.Rh3 d5 19.Qf2 Nc5 20.Qh4 h6 21.gxh6 Kh7 22.Bd4 Nxc2 23.Be5 Qd8
24.Bf6 Be7 25.Bxe7 Qxe7 26.Qxe7 Rxe7 27.Re2 Nxb3 28.Rxc2 d4 29.Ne2 Nc5 30.Nxd4 Bxe4
31.Bxe4 Nxe4 32.Re3 Nf6 33.f5 gxf5 34.Nxf5 Rg8+ 35.Ng3 Nd5 36.Rf3 f5 37.Rg2 f4
38.Ne4 Rxg2+ 39.Kxg2 Kxh6 40.Rh3+ Kg6 41.Kf3 Rc7 42.Rh8 Rc2 43.h4 Rxb2 44.h5+ Kf5
45.Nd6+ Kf6 46.h6 Rb3+ 47.Kg4 Kg6 48.Ne4 e5 49.Re8 Ne3+ 50.Kf3 Kxh6 51.Rg8 b5
52.axb5 axb5 53.Nc5 Rc3 54.Nd7 Nc4+ 55.Ke4 Rg3 56.Rb8 f3 57.Nxe5 Nxe5 58.Kxe5 f2  0-1

[Event "Rilton Cup 96/97"]
[Site "Stockholm"]
[Date "1996.??.??"]
[Round "1"]
[White "Petermann, Hubert"]
[Black "Benjamin, Joel"]
[Result "0-1"]
[WhiteElo "2180"]
[BlackElo "2565"]

1.e4 c5 2.Nf3 e6 3.d4 cxd4 4.Nxd4 Nc6 5.Nc3 Qc7 6.Be3 a6 7.Be2 b5 8.Nxc6 Qxc6
9.O-O Bb7 10.Bf3 Rc8 11.e5 Qc7 12.Bxb7 Qxb7 13.Qd3 Ne7 14.Rad1 Nf5 15.Ne4 Rc4
16.f3 Nxe3 17.Qxe3 Rxc2 18.Rd6 Be7 19.Rfd1 Rc7 20.Qd4 Qa7 21.Qxa7 Rxa7 22.Rc1 O-O
23.Rd3 f6 24.Nd6 Bd8 25.Nc8 Rb7 26.Rd6 Bc7 27.Rxd7 Rxc8 28.Kf1 fxe5 29.Rc6 Ra7
30.Ke2 h6 31.Rxe6 Bb8 32.Rxa7 Bxa7 33.Rxa6 Bd4 34.b3 Rc2+  0-1

[Event "Rilton Cup 96/97"]
[Site "Stockholm"]
[Date "1996.??.??"]
[Round "2"]
[White "Upmark, Johan"]
[Black "Akesson, Ralf"]
[Result "0-1"]
[WhiteElo "2140"]
[BlackElo "2500"]

1.e4 c5 2.Nc3 Nc6 3.Nf3 e6 4.d4 cxd4 5.Nxd4 d6 6.Be3 Nf6 7.f3 Be7 8.Qd2 O-O
9.g4 a6 10.g5 Nd7 11.h4 Nxd4 12.Bxd4 b5 13.O-O-O Bb7 14.Rg1 b4 15.Ne2 Qa5
16.Kb1 Ne5 17.Bxe5 dxe5 18.Nc1 Qb6 19.Bd3 a5 20.Qh2 a4 21.h5 Qc7 22.Bb5 Bd6
23.g6 fxg6 24.Rxg6 a3 25.Rxe6 axb2 26.Rexd6 bxc1=Q+ 27.Kxc1 Rxa2 28.Kb1 b3  0-1

[Event "Rilton Cup 96/97"]
[Site "Stockholm"]
[Date "1996.??.??"]
[Round "3"]
[White "Borge, Nikolaj"]
[Black "Hellborg, Teodor"]
[Result "1/2-1/2"]
[WhiteElo "2455"]
[BlackElo "2215"]

1.e4 c5 2.Nf3 e6 3.Nc3 Nc6 4.d4 cxd4 5.Nxd4 Nf6 6.Ndb5 d6 7.Bf4 e5 8.Bg5 a6
9.Na3 b5 10.Bxf6 gxf6 11.Nd5 Bg7 12.Bd3 Ne7 13.Nxe7 Qxe7 14.c3 f5 15.O-O O-O
16.Nc2 Rb8 17.exf5 e4 18.Re1 d5 19.Bf1 Qe5 20.Nd4 Rb6 21.a4 b4 22.a5 Rh6
23.g3 Bd7 24.Qb3 Rb8 25.Qa2 bxc3 26.bxc3 Bxf5 27.f4 Qxd4+ 28.cxd4 Bxd4+ 29.Kh1 Rb2
30.Qxb2 Bxb2 31.Rab1 Bc3 32.Rb6 Kg7 33.Rxh6 Kxh6 34.Rc1 d4 35.Bxa6 Bg4 36.Bb7 Bf3+
37.Kg1 Bxa5 38.Rf1 d3 39.Rxf3  1/2-1/2

[Event "Rilton Cup 96/97"]
[Site "Stockholm"]
[Date "1996.??.??"]
[Round "7"]
[White "Borge, Nikolaj"]
[Black "Sanden, Stefan"]
[Result "1-0"]
[WhiteElo "2455"]
[BlackElo "2330"]

1.e4 c5 2.Nf3 e6 3.Nc3 Nc6 4.d4 cxd4 5.Nxd4 d6 6.Be3 Nf6 7.Bc4 a6 8.Qe2 Qc7
9.Bb3 Be7 10.O-O-O Na5 11.g4 b5 12.g5 Nxb3+ 13.axb3 Nd7 14.Nf5 b4 15.Nxe7 bxc3
16.Nxc8 cxb2+ 17.Kb1 Rxc8 18.Bd4 O-O 19.Bxb2 a5 20.Rd4 Nc5 21.Rhd1 a4 22.b4 a3
23.Ba1 a2+ 24.Kxa2 Ra8+ 25.Kb2 Qa7 26.Kc3 e5 27.Rc4 Qa3+ 28.Kd2 Ne6 29.Qd3 Qa6
30.Bb2 Nxg5 31.Kc1 Ne6 32.Rc3 Qa4 33.Qxd6 Nd4 34.Rxd4 exd4 35.Qxd4 Rfd8 36.Rc8  1-0

[Event "SUI-chT"]
[Site "SUI"]
[Date "1996.??.??"]
[Round "2"]
[White "Mantovani, Renzo"]
[Black "Kaenel, Hansjuerg"]
[Result "1/2-1/2"]
[WhiteElo "2360"]
[BlackElo "2405"]

1.e4 c5 2.Nf3 e6 3.d4 cxd4 4.Nxd4 Nc6 5.Nc3 Qc7 6.g3 a6 7.Bg2 d6 8.O-O Bd7
9.Re1 Nf6 10.Nxc6 bxc6 11.b3 Be7 12.Bb2 O-O 13.e5 dxe5 14.Na4 e4 15.Bxe4 Rad8
16.Be5 Qa7 17.Bf3 c5 18.Nb2 Bc6 19.Qe2 Qb7 20.Bxc6 Qxc6 21.Nc4 Rd5 22.Bc3 Ne8
23.Qf3 Bf6 24.Ne3 Rd6 25.Qxc6 Rxc6 26.Bxf6 Nxf6 27.Rad1 Ra8 28.f3 h5 29.Kf2 Kf8
30.h4 g6 31.Ke2 Ke7 32.Kd3 Rd8+ 33.Kc4 Rxd1 34.Rxd1 Nd7 35.Kc3 Rd6 36.Rxd6 Kxd6
37.Nc4+ Kd5 38.Kd3 e5 39.Ne3+ Ke6 40.Kc4 Kd6 41.a4 Nb6+ 42.Kd3 Nd5 43.Nc4+ Ke6
44.c3 f5 45.a5 Nf6 46.Ke3 Nd5+ 47.Kd3 Nf6 48.Ke3 Nd5+  1/2-1/2

[Event "SUI-chT"]
[Site "SUI"]
[Date "1996.??.??"]
[Round "2"]
[White "Sokolov, Andrei"]
[Black "Begovac, Franja"]
[Result "1/2-1/2"]
[WhiteElo "2585"]
[BlackElo "2430"]

1.e4 c5 2.Nf3 Nc6 3.d4 cxd4 4.Nxd4 e6 5.Nc3 a6 6.Nxc6 bxc6 7.Bd3 d5 8.O-O Nf6
9.Re1 Be7 10.e5 Nd7 11.Qg4 g6 12.Bh6 Rb8 13.Rab1 Rb4 14.Qe2 a5 15.g3 Bg5
16.Bxg5 Qxg5 17.a3 Rb8 18.b4 axb4 19.axb4 O-O 20.Na4 Qe7 21.c3 Ra8 22.Ra1 c5
23.bxc5  1/2-1/2

[Event "SUI-chT"]
[Site "SUI"]
[Date "1996.??.??"]
[Round "6"]
[White "Masserey, Yvan"]
[Black "Kamber, Bruno"]
[Result "1/2-1/2"]
[WhiteElo "2305"]
[BlackElo "2385"]

1.e4 c5 2.Nf3 e6 3.d4 cxd4 4.Nxd4 Nc6 5.Nc3 Qc7 6.f4 a6 7.Nxc6 bxc6 8.Bd3 d5
9.O-O Nf6 10.Qe2 Bb7 11.e5 Nd7 12.b3 a5 13.Kh1 Nc5 14.f5 Nxd3 15.cxd3 exf5
16.Rxf5 Bb4 17.Na4 O-O 18.Be3 Bc8 19.Bb6 Qe7 20.Rf2 Ba6 21.Qe3 Rfe8 22.d4 f6
23.a3 Bxa3 24.Bxa5 fxe5 25.Qxe5 Bb5 26.Qxe7 Bxe7 27.Bb6 Bh4 28.g3 Bg5 29.h4 Be3
30.Rfa2 Reb8 31.Bc5 h5 32.Nb6 Rxa2 33.Rxa2 Rb7 34.Ra8+ Kh7 35.Re8 Bxd4 36.Bxd4 c5
37.Re5 cxd4 38.Rxh5+ Kg8 39.Nxd5 Be2 40.Re5 d3 41.Nc3 Bf3+ 42.Kg1 d2 43.Kf2 Rxb3
44.Re8+ Kh7 45.Rd8 Rxc3 46.Rxd2 Bc6 47.Rd6 Kg8 48.Ke2 Be8 49.Kf2 Kf7 50.Rd5 Kf6
51.Rd8 Ke7 52.Rd4 Bd7 53.Rf4 Rc2+ 54.Kf3 Bc6+ 55.Kg4 Rc3 56.h5 Bd7+ 57.Kh4 Re3
58.g4 Re5 59.Rd4 Be6 60.Rf4 Bd5 61.Rd4 Kf7 62.Rf4+ Kg8 63.Rd4 Kh7 64.Rb4 Be6
65.Rd4 Kh6 66.Rd8 g5+ 67.hxg6 Re4 68.Kg3 Rxg4+ 69.Kf3 Rxg6 70.Kf4 Kg7 71.Rb8 Kf6
72.Rf8+ Bf7 73.Rb8 Rh6 74.Kg3 Ke5 75.Rb5+ Bd5 76.Ra5 Rg6+ 77.Kf2 Rg2+ 78.Ke3 Rg3+
79.Kf2 Rc3 80.Ke2 Kd4 81.Ra4+ Bc4+ 82.Kf2 Ke4 83.Rb4 Kf4 84.Rb2 Rf3+ 85.Ke1 Ke3
86.Re2+ Kd3 87.Rd2+ Kc3 88.Rc2+ Kb3 89.Rh2 Bd3 90.Kd2 Rg3 91.Ke1 Kc3 92.Kf2 Rg5
93.Ke3 Re5+ 94.Kf2 Kd4 95.Rh4+ Be4 96.Rh2 Ra5 97.Ke1 Ra1+ 98.Kf2 Rb1 99.Rh5 Rb2+
100.Kg3 Ke3 101.Rg5 Rg2+ 102.Kh4 Rh2+ 103.Kg3 Rh1 104.Kg4 Rh7 105.Kg3 Rf7
106.Kh4 Bf3 107.Kg3 Be4 108.Kh4 Rf4+ 109.Rg4  1/2-1/2

[Event "SUI-chT"]
[Site "SUI"]
[Date "1996.??.??"]
[Round "8"]
[White "Gallagher, Joseph G"]
[Black "Kaenel, Hansjuerg"]
[Result "1/2-1/2"]
[WhiteElo "2530"]
[BlackElo "2405"]

1.e4 c5 2.Nf3 e6 3.d4 cxd4 4.Nxd4 Nc6 5.Nc3 Qc7 6.f4 Nxd4 7.Qxd4 a6 8.Be2 b5
9.Be3 Ne7 10.O-O Nc6 11.Qd2 Bb7 12.Rfd1 Rc8 13.Kh1 Be7 14.Rac1 Na5 15.Qd4 Bf6
16.e5 Be7 17.Ne4 Bxe4 18.Qxe4 Nc4 19.Bd4 O-O 20.b3 d5 21.Qf3 Nb6 22.f5 Bc5
23.Bb2 Rfd8 24.fxe6 fxe6 25.Qh3 Qe7 26.a3 Nd7 27.Bg4 Rc6 28.c4 bxc4 29.bxc4 d4
30.Bxd4 Bxa3 31.Ra1 Bc5 32.Bc3 Nf8 33.Rxd8 Qxd8 34.Qf3 Qe8 35.Rd1 Rc7 36.Qe4 Rd7
37.Ra1 Qc8 38.g3 Be7 39.Be2 Rc7 40.Kg2 Nd7 41.Bd3 Nf8 42.Rb1 Bc5 43.Be2 Ra7
44.Ba5 Rd7 45.Bc3 Ra7 46.Ra1 Qa8 47.Qxa8 Rxa8 48.Bf3 Ra7 49.Bc6 Ng6 50.Rb1 Rf7
51.Bf3 Rc7 52.Rb8+ Bf8 53.Be2 Rc6 54.Kf3 Kf7 55.Rb7+ Be7 56.Bd3 Ke8 57.Rb8+ Kf7
58.Rb7 Ke8 59.h4 Nf8 60.Ke2 g6 61.Bd4 Nd7 62.Ra7 Bc5 63.Ra8+ Kf7 64.Bc3 Be7
65.Ra7 Ke8 66.Kd2 Nc5 67.Bc2 Rb6 68.h5 gxh5 69.Bxh7 h4 70.gxh4 Bxh4 71.Bg6+ Kf8
72.Rf7+ Kg8 73.Rc7 Nb3+ 74.Kc2 Bf2 75.Rd7 Nc5 76.Rf7 Be3 77.Rc7 Kf8 78.Be1 Rb7
79.Rxb7  1/2-1/2

[Event "SUI-chT"]
[Site "SUI"]
[Date "1996.??.??"]
[Round "8"]
[White "Renet, Olivier"]
[Black "Belotti, Bruno"]
[Result "1-0"]
[WhiteElo "2505"]
[BlackElo "2400"]

1.e4 c5 2.Nf3 e6 3.d4 cxd4 4.Nxd4 Nc6 5.Nc3 Qc7 6.Be2 a6 7.O-O Nf6 8.Kh1 Be7
9.f4 d6 10.Be3 O-O 11.a4 Re8 12.Bf3 Rb8 13.g4 Nxd4 14.Bxd4 b5 15.g5 Nd7 16.axb5 axb5
17.Ra7 Qd8 18.b4 Bf8 19.Bg2 Nb6 20.Qh5 Rb7 21.Rxb7 Bxb7 22.Rf3 e5 23.Rh3 h6
24.Bg1 Nc4 25.gxh6 g6 26.Qg4 exf4 27.Qxf4 Qe7 28.Nxb5 Kh7 29.Nc3 Ra8 30.Nd5 Bxd5
31.exd5 Ne5 32.Qd4 f5 33.b5 Ng4 34.b6 Bxh6 35.Rf3 Bg5 36.Qb4  1-0

[Event "SVK-chT9596"]
[Site "?"]
[Date "1996.??.??"]
[Round "12"]
[White "Mrva, Vladimir"]
[Black "Harasta, Vladimir"]
[Result "1-0"]
[WhiteElo "2310"]
[BlackElo "2170"]

1.e4 c5 2.Nf3 e6 3.d4 cxd4 4.Nxd4 Nc6 5.Nc3 d6 6.Be2 Be7 7.O-O Nf6 8.Be3 O-O
9.f4 Bd7 10.Bf3 Nxd4 11.Bxd4 Bc6 12.Qe2 Nd7 13.Rad1 Qa5 14.Be3 Rad8 15.a3 a6
16.Nb1 b5 17.Nd2 Qc7 18.Bf2 Nc5 19.Nb3 Na4 20.c3 e5 21.f5 Nc5 22.Nd2 Bg5
23.Rfe1 Rd7 24.Nf1 Rfd8 25.Be3 Bxe3+ 26.Qxe3 Na4 27.f6 Qb6 28.Qxb6 Nxb6 29.Bg4 Rc7
30.fxg7 f6 31.Be6+ Kxg7 32.Ng3 Nc4 33.Nf5+ Kg6 34.Rd3 h5 35.b3 Nxa3 36.Rg3+ Kh7
37.Rh3 Be8 38.Ra1 b4 39.cxb4 Nb5 40.Bc4 Bg6 41.Rxa6 Bxf5 42.Rxh5+ Kg6 43.Rxf5 Nd4
44.Rf1 Rb7 45.b5 Nxb5 46.Bxb5 Rxb5 47.Rf3 Rb4 48.Rd3 Kg5 49.Kf2 Rxe4 50.Raxd6 Rf4+
51.Ke2 Ra8 52.Rg3+ Kf5 53.Rd2 Rb8 54.Rb2 Ke6 55.Ra2 Re4+ 56.Kd2 Rd4+ 57.Ke2 Re4+
58.Kf2 Rf4+ 59.Ke1 Rfb4 60.Ra6+ Kd5 61.Rxf6 Rxb3 62.Rxb3 Rxb3 63.h4 Kd4 64.h5 e4
65.Kf2 Rb2+ 66.Kg3 Ke3 67.h6 Rb1 68.Kg4 Rh1 69.Kg5 Kd2 70.g4 e3 71.Rd6+ Kc2
72.Re6 Kd2 73.Kg6 e2 74.h7 Rh3 75.Kg7 Rg3 76.h8=Q Rxg4+ 77.Kf6 Rf4+ 78.Kg5 e1=Q  1-0

[Event "SVK-chT9596"]
[Site "?"]
[Date "1996.??.??"]
[Round "14"]
[White "Kalisky, Vladimir"]
[Black "Harasta, Vladimir"]
[Result "1-0"]
[WhiteElo "2270"]
[BlackElo "2170"]

1.e4 c5 2.Nf3 e6 3.d4 cxd4 4.Nxd4 Nc6 5.Nc3 d6 6.Be3 Nf6 7.Qd2 Be7 8.f3 O-O
9.O-O-O a6 10.g4 Qc7 11.h4 b5 12.h5 Nd7 13.g5 Nde5 14.Qg2 b4 15.Nb1 Nxd4
16.Bxd4 f5 17.gxf6 Bxf6 18.f4 Nc6 19.Bxf6 Rxf6 20.e5 dxe5 21.fxe5 Rf7 22.Bd3 Bb7
23.h6 g6 24.Bxg6 hxg6 25.Qxg6+ Kh8 26.Rdg1 Nxe5 27.Qg7+ Rxg7 28.hxg7+ Kg8
29.Rh8+ Kf7 30.g8=Q+ Rxg8 31.Rh7+ Kf6 32.Rf1+ Bf3 33.Rxc7 Rg5 34.Nd2 Rf5
35.Ra7 Bd5 36.Rxf5+ exf5 37.Rxa6+ Nc6 38.a3 bxa3 39.Rxa3 Ke5 40.c4 Be4 41.Nxe4 Kxe4
42.Ra6 Nb4 43.Rb6 Nd3+ 44.Kd1 Kd4 45.b3 Nc5 46.Ke2 Kc3 47.Ke3  1-0

[Event "SWE-chT 9596"]
[Site "?"]
[Date "1996.??.??"]
[Round "?"]
[White "Svensson, Bengt"]
[Black "Hellsten, Johan"]
[Result "1-0"]
[WhiteElo "2400"]
[BlackElo "2475"]

1.e4 c5 2.Nf3 e6 3.d4 cxd4 4.Nxd4 Nc6 5.Nc3 a6 6.Nxc6 bxc6 7.Bd3 d5 8.O-O Bb7
9.Re1 Nf6 10.e5 Nd7 11.Na4 Qc7 12.Bf4 c5 13.c4 dxc4 14.Bxc4 Be7 15.Nc3 Nb6
16.Bd3 Rd8 17.Qe2 c4 18.Be4 O-O 19.Qg4 Kh8 20.Rad1 Bb4 21.Bc2 Rxd1 22.Rxd1 Rd8
23.Rxd8+ Qxd8 24.Be3 Bxc3 25.bxc3 Nd7 26.Qh5 Qg8 27.h3 Nf8 28.Qh4 Bd5 29.Qe7 Ng6
30.Qd6 Qa8 31.f3 h6 32.Qc7 Qb7 33.Qxb7 Bxb7 34.Bd4 Kg8 35.Kf2 Kf8 36.g3 Bc6
37.f4 Ke8 38.Bc5 Nh8 39.Ke3 f6 40.Kd4 Bd5 41.h4 fxe5+ 42.Kxe5 Nf7+ 43.Kd4 Kd7
44.Bf8 g5 45.Bg6 gxh4 46.gxh4 Nd6 47.Bxd6 Kxd6 48.Be4 a5 49.Bxd5 exd5 50.f5 a4
51.a3 h5 52.f6 Ke6 53.f7 Kxf7 54.Kxd5 Kf6 55.Kxc4 Kf5 56.Kb5  1-0

[Event "SWE-chT 9596"]
[Site "?"]
[Date "1996.??.??"]
[Round "?"]
[White "Thoren, Per"]
[Black "Eriksson, Magnus"]
[Result "1/2-1/2"]
[WhiteElo "2210"]
[BlackElo "2360"]

1.e4 c5 2.Nf3 e6 3.d4 cxd4 4.Nxd4 Nc6 5.Nc3 Qc7 6.Be2 a6 7.O-O Nf6 8.Be3 d6
9.f4 Be7 10.Kh1 O-O 11.a4 Re8 12.Qe1 Nd7 13.Qg3 Bf6 14.Nf3 g6 15.Rad1 Bg7
16.Rd2 Nb4 17.Bd4 e5 18.Be3 exf4 19.Bxf4 Ne5 20.Rfd1 Qc5 21.Rxd6 Nc4 22.Bxc4 Qxc4
23.Ne5 Qc5 24.Nd3 Nxd3 25.R1xd3 Be6 26.e5 Bf5 27.Qe3 Qa5 28.R3d5 Qb4 29.Rb6 Qc4
30.h3 Re7 31.Qf2 Rc8 32.a5 h5 33.Rbd6 Qb4 34.Rb6 Qc4 35.Rbd6 Qb4  1/2-1/2

[Event "SWE-chT 9596"]
[Site "?"]
[Date "1996.??.??"]
[Round "?"]
[White "Lukez, Franko"]
[Black "Bergstrom, Christer"]
[Result "0-1"]
[WhiteElo "2320"]
[BlackElo "2420"]

1.e4 c5 2.Nf3 Nc6 3.Nc3 e6 4.d4 cxd4 5.Nxd4 a6 6.g3 Qc7 7.Bg2 Nf6 8.O-O Nxd4
9.Qxd4 Bc5 10.Bf4 d6 11.Qd2 h6 12.Rad1 e5 13.Be3 Bg4 14.Bxc5 dxc5 15.f3 Be6
16.Nd5 Bxd5 17.exd5 Qd6 18.c4 O-O 19.Bh3 Rfe8 20.Rfe1 b5 21.b3 Rab8 22.Re3 Re7
23.Qe2 bxc4 24.bxc4 Rbe8 25.Rb1 e4 26.f4 Rb8 27.Reb3 Rxb3 28.Rxb3 Ne8 29.Re3 Qb6
30.Bf1 Nd6 31.Rb3 Qa5 32.g4 Re8 33.Kf2 Qd8 34.Kg3 Qf6 35.h3 h5 36.Qb2 h4+
37.Kg2 Qxf4 38.Qf2 Qe5 39.Qxc5 e3 40.Rxe3 Qxe3 41.Qxd6 Kh7 42.Qd7 Qg3+ 43.Kh1 Qf3+
44.Kg1 Re5 45.d6 Qg3+ 46.Kh1 Qf2  0-1

[Event "SWE-chT 9596"]
[Site "?"]
[Date "1996.??.??"]
[Round "?"]
[White "Moberg, Karl Johan"]
[Black "Bergstrom, Christer"]
[Result "0-1"]
[WhiteElo "2405"]
[BlackElo "2420"]

1.e4 c5 2.Nf3 Nc6 3.d4 cxd4 4.Nxd4 e6 5.Nc3 a6 6.Be3 Qc7 7.Qd2 Nf6 8.f3 b5
9.g4 b4 10.Na4 Bb7 11.O-O-O Be7 12.Kb1 O-O 13.h4 d5 14.g5 Nh5 15.exd5 Nxd4
16.Bxd4 Bxd5 17.Qf2 Qc6 18.Nb6 Bxf3 19.Nxa8 Qxa8 20.Be2 Bxh1 21.Bxh5 Be4
22.Bg4 a5 23.Qf4 Rc8 24.Rf1 Bxc2+ 25.Ka1 Bg6 26.Qe5 Bf8 27.h5 Qg2 28.Re1 Qxg4
29.hxg6 hxg6 30.Rh1 Rd8 31.Qh2 f6 32.gxf6 Rxd4 33.fxg7 Rd1+  0-1

[Event "EST-ch (Women)"]
[Site "Tallinn"]
[Date "1996.??.??"]
[Round "4"]
[White "Tsiganova, Monika"]
[Black "Fomina, Tatyana"]
[Result "1/2-1/2"]
[WhiteElo "2280"]
[BlackElo "2305"]

1.e4 c5 2.Nf3 e6 3.d4 cxd4 4.Nxd4 Nc6 5.Nc3 d6 6.g3 Nxd4 7.Qxd4 Ne7 8.Bg2 Nc6
9.Qd1 Be7 10.O-O a6 11.a4 Qc7 12.Kh1 Bd7 13.Be3 Na5 14.Bd4 O-O 15.f4 Nc6
16.Be3 Nb4 17.g4 Rad8 18.a5 Rc8 19.g5 d5 20.f5 Bc5 21.Bxc5 Qxc5 22.f6 d4
23.fxg7 Kxg7 24.Ne2 Nxc2 25.Rc1 Bb5 26.Rf3 Ne3 27.Qd2 Qe5 28.Ng3 Rxc1+ 29.Qxc1 Qxg5
30.Nf5+ Kh8 31.Rg3 Qf6 32.Qc5 Rd8 33.Nd6 h6 34.Rf3 Qg7 35.Nxf7+ Kh7 36.Bh3 Rg8
37.Qc1 Be2 38.Rf2 Bd1 39.Bg2 Qxg2+ 40.Rxg2 Bf3 41.Qc7 Bxg2+ 42.Kg1 Rg7 43.Qd7 e5
44.Qe8 Bxe4+ 45.Kf2 Ng4+ 46.Ke1 Bc6 47.Qe6 e4 48.Nd8 Ne3 49.Nxc6 Rg1+ 50.Kf2 Rg2+
51.Ke1 Rg1+ 52.Kd2 Rg2+ 53.Ke1 Rg1+ 54.Kf2 Rg2+ 55.Ke1  1/2-1/2

[Event "EU-ch U20 Girls"]
[Site "Tapolca"]
[Date "1996.??.??"]
[Round "6"]
[White "Ciuksyte, Dagne"]
[Black "Trofimova, Olga"]
[Result "1-0"]
[WhiteElo "2205"]
[BlackElo "2215"]

1.e4 c5 2.Nf3 e6 3.Nc3 Nc6 4.d4 cxd4 5.Nxd4 Nf6 6.Ndb5 d6 7.Bf4 e5 8.Bg5 a6
9.Na3 b5 10.Nd5 Be7 11.Bxf6 Bxf6 12.c3 Bg5 13.Bd3 Be6 14.Nc2 Bxd5 15.exd5 Ne7
16.O-O g6 17.a4 bxa4 18.Qg4 Nxd5 19.Be4 f5 20.Qd1 Nf4 21.Bxa8 Qxa8 22.Ne3 O-O
23.Rxa4 Rd8 24.h4 Bh6 25.c4 Qe4 26.Qc2 Qc6 27.Rfa1 d5 28.Rxa6 Qc5 29.R6a5 Qe7
30.Nxd5 Qxh4 31.Ra8  1-0

[Event "Tel Aviv Cup rapid"]
[Site "Tel Aviv"]
[Date "1996.??.??"]
[Round "2"]
[White "Blodstein, Arkady"]
[Black "Har Zvi, Ronen"]
[Result "1-0"]
[WhiteElo "2365"]
[BlackElo "2510"]

1.e4 c5 2.Nf3 e6 3.d4 cxd4 4.Nxd4 Nc6 5.Nc3 Qc7 6.Be3 a6 7.Qd2 Nf6 8.f3 b5
9.O-O-O Bb7 10.g4 h6 11.h4 Rc8 12.Kb1 Nxd4 13.Bxd4 e5 14.Bf2 Bb4 15.Bh3 Bxc3
16.bxc3 Bxe4 17.g5 Nd5 18.fxe4 Nxc3+ 19.Ka1 O-O  1-0

[Event "Ter Apel"]
[Site "Ter Apel"]
[Date "1996.??.??"]
[Round "1"]
[White "Svidler, Peter"]
[Black "Leko, Peter"]
[Result "1/2-1/2"]
[WhiteElo "2630"]
[BlackElo "2625"]

1.e4 c5 2.Nf3 e6 3.d4 cxd4 4.Nxd4 Nc6 5.Nc3 Qc7 6.g3 a6 7.Bg2 Nf6 8.O-O Nxd4
9.Qxd4 Bc5 10.Bf4 d6 11.Qd2 h6 12.Rad1 e5 13.Be3 Ke7 14.f4 Be6 15.fxe5 dxe5
16.Nd5+ Bxd5 17.exd5 Rhd8 18.Kh1 Bxe3 19.Qxe3 Kf8 20.d6 Rxd6 21.Qxe5 Rd7  1/2-1/2

[Event "Terrassa op"]
[Site "Terrassa"]
[Date "1996.??.??"]
[Round "6"]
[White "Narciso Dublan, Marc"]
[Black "Zvjaginsev, Vadim"]
[Result "1/2-1/2"]
[WhiteElo "2470"]
[BlackElo "2590"]

1.e4 c5 2.Nf3 Nc6 3.d4 cxd4 4.Nxd4 e6 5.Nc3 d6 6.Be3 Nf6 7.Be2 Be7 8.O-O O-O
9.f4 Bd7 10.Nb3 Rc8 11.Bf3 e5 12.f5 Na5 13.Nxa5 Qxa5 14.Qd2 Rxc3 15.Qxc3 Qxc3
16.bxc3 Rc8 17.Rfd1 b6 18.a4 d5 19.exd5 Rxc3 20.Bd2 Bc5+ 21.Kh1 Rc4 22.a5 h6
23.axb6 axb6 24.c3 Bxf5 25.Re1 Bd6  1/2-1/2

[Event "Toscolano op"]
[Site "Toscolano"]
[Date "1996.??.??"]
[Round "2"]
[White "Mora, Federico"]
[Black "Cebalo, Miso"]
[Result "0-1"]
[WhiteElo "2335"]
[BlackElo "2515"]

1.e4 c5 2.Nf3 e6 3.d4 cxd4 4.Nxd4 Nc6 5.Nc3 d6 6.f4 Nf6 7.Nf3 Be7 8.Bd3 a6
9.O-O b5 10.Kh1 Bb7 11.Qe1 Nb4 12.Qg3 Nxd3 13.cxd3 O-O 14.a3 Nd7 15.Be3 Re8
16.Rae1 Rc8 17.Re2 Bf8 18.Nd4 Nc5 19.Bc1 Qd7 20.Ref2 f5 21.Re2 g6 22.Rd1 Bg7
23.Qf2 e5 24.Nf3 Nxd3 25.Rxd3 fxe4 26.Nxe5 dxe5 27.Rh3 Qxh3 28.gxh3 e3+  0-1

[Event "Toscolano op"]
[Site "Toscolano"]
[Date "1996.??.??"]
[Round "4"]
[White "Agnelli, Francesco"]
[Black "Drei, Andrea"]
[Result "0-1"]
[WhiteElo "2085"]
[BlackElo "2310"]

1.e4 c5 2.Nf3 e6 3.d4 cxd4 4.Nxd4 Nc6 5.Nc3 Qc7 6.Be3 a6 7.Bd3 Nf6 8.O-O Ne5
9.h3 Bc5 10.Qe2 d6 11.Kh1 O-O 12.f4 Ng6 13.Nb3 Bxe3 14.Qxe3 b5 15.a3 Bb7
16.Rae1 Rac8 17.Qg3 Qe7 18.Qg5 e5 19.fxe5 dxe5 20.Nc1 h6 21.Qe3 Nf4 22.N1e2 N6h5
23.g4 Qg5 24.Kh2 Nxe2 25.Rxe2 Nf4 26.Ref2 Rfd8 27.Rf3 Rd7 28.Ne2 Nxd3 29.cxd3 Rc2
30.Rb1 Rd2 31.Kg3 R2xd3 32.Qxg5 hxg5 33.Nc3 Rxf3+ 34.Kxf3 Rd3+ 35.Kg2 Re3
36.Rd1 Bxe4+ 37.Nxe4 Rxe4 38.Kf3 Rf4+ 39.Ke3 b4 40.Rd5 bxa3 41.bxa3 Ra4 42.Rxe5 f6
43.Re6 Kf7 44.Rb6 Rxa3+ 45.Ke4 Rxh3 46.Rxa6 Rg3  0-1

[Event "CRO-chT2"]
[Site "Tucepi"]
[Date "1996.??.??"]
[Round "?"]
[White "Puljek Salai, Zorica"]
[Black "Velcheva, Maria"]
[Result "1/2-1/2"]
[WhiteElo "2200"]
[BlackElo "2270"]

1.e4 c5 2.Nf3 e6 3.d4 cxd4 4.Nxd4 Nc6 5.Nc3 Qc7 6.g3 a6 7.Bg2 Nf6 8.O-O Be7
9.Nde2 O-O 10.h3 d6 11.g4 b5 12.a3 Bb7 13.f4 b4 14.axb4 Nxb4 15.Nd4 d5 16.e5 Ne4
17.Nxe4 dxe4 18.c3 Nd3 19.Qe2 Qb6 20.Rb1 Nxc1 21.Rfxc1 Bc5 22.Rd1 Rad8 23.Qe3 Rd7
24.Rd2 Rfd8 25.Rbd1 Qc6 26.Kh2 Qd5 27.Qe2 Ba7 28.Nb3 Qc6 29.Rxd7 Rxd7 30.Rxd7 Qxd7
31.Bxe4 g6 32.Qd3 Qc8 33.Nd4 Bxe4 34.Qxe4 Bxd4 35.Qxd4 Qb7 36.b4 Qf3 37.Qd2 Qf1
38.Qe3 Kg7 39.Kg3 Kg8 40.Qf2 Qd3+ 41.Qf3 Qd2 42.h4 h5 43.gxh5 gxh5 44.Qxh5 Qe1+
45.Kg2 Qd2+ 46.Kg1 Qe1+ 47.Kg2 Qd2+ 48.Kg3 Qe1+  1/2-1/2